| 000 | 00992nam a22002537a 4500 | ||
|---|---|---|---|
| 005 | 20170124103005.0 | ||
| 010 | _aA-228976 | ||
| 020 | _c30.00 | ||
| 035 | _aA-228976 | ||
| 037 | _bCen Lib/Ret | ||
| 040 |
_aDPL _bHN |
||
| 082 |
_aक _bमधुक |
||
| 100 |
_aमधुकर गंगाधर _955844 |
||
| 245 |
_aउठे हुए हाथ : _cमधुकर गंगाधर _bकहानी संग्रह / |
||
| 246 |
_aUthe huye hath : kahani sangarh / _bby Madhkar Gangadhar |
||
| 260 |
_aइलाहाबाद _bकिताब महल _c1983 |
||
| 270 |
_bइलाहाबाद _a१५, थर्न्हिल रोड |
||
| 300 |
_a176पृ.: _c21सेमी(सजिल्द ) |
||
| 650 |
_aहिंदी साहित्य _x _z _955845 |
||
| 650 |
_aहिंदी कहानियां _92082 |
||
| 650 |
_aHindi literature _v _955846 |
||
| 650 |
_aHindi Stories _955847 |
||
| 942 |
_2ddc _cHN _hक _mमधुक |
||
| 999 |
_c114216 _d114216 |
||